000 003650000a22001570004500
020 _a0-689-80437-7
082 0 4 _aB R424a
100 1 _aRicklen, Neil
245 1 0 _aLos amigos del bebe / Neil Ricklen
260 _aNew York : Publishing Group
300 _a[ 22p. ]
500 _aTexto pasta dura
650 1 4 _aLiteratura Infantil
001 518
942 _cLGB
999 _c47729
_d47729